| 000 | 00621nam a2200169 i 4500 | ||
|---|---|---|---|
| 001 | 26337 | ||
| 003 | ES-MaACL | ||
| 007 | t| | ||
| 008 | 030108m19161910fr ||||1| fre d | ||
| 100 | 1 |
_aArthuys, F. _923463 |
|
| 245 | 1 | 0 |
_aTraité des sociétés commerciales conprenant un commentaire de la faillite et de la liquidation judiciare des sociétés / _cpar F. Arthuys ; ouvrage suivi d'un formulaire de E. Leconturier. |
| 250 | _a3eme ed. | ||
| 260 |
_aParís : _b[s.n., _c1916-17] ( _eBar-le-Duc : _fContant Laguerre) |
||
| 300 |
_a2 v. ; _c23 cm. |
||
| 700 | 1 |
_aLeconturier, E. _971109 |
|
| 852 |
_aES-MaACL _jB-5624-5625 |
||
| 999 |
_c26337 _d26337 |
||